| 000 | 01106cam a22003253a 4500 | ||
|---|---|---|---|
| 001 | 21316 | ||
| 003 | PGUSA | ||
| 005 | 20140828083444.0 | ||
| 008 | 070504s2007||||xxu|||||s|||||000 1 eng d | ||
| 040 |
_aPGUSA _beng |
||
| 042 | _adc | ||
| 050 | 4 | _aPZ | |
| 100 | 1 |
_aFenn, George Manville, _d1831-1909 |
|
| 245 | 1 | 4 |
_aThe Adventures of Don Lavington : _bNolens Volens _h[electronic resource] / _cGeorge Manville Fenn |
| 260 |
_bProject Gutenberg, _c2007 |
||
| 506 | _aPublic domain in the USA. | ||
| 516 | _aElectronic text | ||
| 653 | _aImpressment -- Juvenile fiction | ||
| 653 | _aVoyages and travels -- Juvenile fiction | ||
| 653 | _aPrisoners -- Juvenile fiction | ||
| 653 | _aEscapes -- Juvenile fiction | ||
| 653 | _aFatherless families -- Juvenile fiction | ||
| 653 | _aAdventure and adventurers -- Juvenile fiction | ||
| 653 | _aConduct of life -- Juvenile fiction | ||
| 653 | _aMaori (New Zealand people) -- Juvenile fiction | ||
| 653 | _aNew Zealand -- Juvenile fiction | ||
| 830 | 0 |
_aProject Gutenberg _v21316 |
|
| 856 | 4 | 0 | _uhttp://www.gutenberg.org/ebooks/21316 |
| 942 | _cEB | ||
| 999 |
_c250571 _d250571 |
||